000 00826nam a22002417a 4500
999 _c2654
_d2654
003 AR-CdUCM
008 190305b ||||| |||| 00| 0 spa d
040 _aMUNICIPALIDAD PROVINCIAL DEL CUSCO
_cBIBLIOTECA MUNICIPAL DEL CUSCO
082 _a869.33 /
_bG63
100 _aGodoy C., Cesar
_99331
110 _aUniversidad de Chile sede Antofagasta
_99332
245 _aDe los llevado y lo traído /
260 _aAntofagasta :
_bUniversidad de Chile,
_c1971.
300 _a25 Páginas ;
_c22 cm.
440 _aColección nuestra poesía
_99333
505 _aContenido: Spes -- Emergencia -- Presagio -- Erase -- Situación -- Credo -- Mandamiento...
650 _aPoesía chilena
_95520
650 _aPoesía nortina
_99334
650 _aTertulia
_99335
650 _aPax dei
_99336
942 _2ddc
_cLIBROS
945 _adavv